| 000 | 00402nam a2200133Ia 4500 | ||
|---|---|---|---|
| 008 | 231129s9999||||xx |||||||||||||| ||spa|| | ||
| 020 | _a950-861-055-7 | ||
| 040 | _bspa | ||
| 082 | _a291.5 D445u | ||
| 100 | _aDesclos Jean | ||
| 245 | 0 | _aUna moral para la vida : Categorias principales y pequeno vocabulario de la etica | |
| 264 | _aSan Pablo | ||
| 942 |
_2ddc _cBKS |
||
| 999 |
_c25978 _d25978 |
||